000 00611nam a2200193 i 4500
001 27304
003 ES-MaACL
005 20250830111222.0
007 t|
008 030114s1952 sp ||||1| spa d
100 1 _aAranguren, José Luis L.,
_d1909-1996
_922315
245 1 0 _aCatolicismo y protestantismo como formas de existencia /
_cJosé Luis L. Aranguren.
260 _aMadrid :
_bRevista de Occidente,
_c[1952] (
_fGalo Sáez)
300 _a240 p. ;
_c22 cm.
610 2 4 _aIglesia Católica
_94639
650 0 0 _aProtestantismo.
_916517
852 _aES-MaACL
_jC-8310
999 _c27304
_d27304